Worldwide Political Parties by Historical Leader - Statistics

General Stats
  • This quiz has been taken 13 times
  • The average score is 12 of 20
Answer Stats
Answer % Correct
John F. Kennedy Democratic Party
100%
Dwight D. Eisenhower Republican Party
100%
Stalin Communist Party of the Soviet Union
92%
Margaret Thatcher Conservative Party
92%
Tony Blair Labour Party
92%
Adolf Hitler National Socialist
92%
Saddam Hussein Baath Party
83%
Nelson Mandela African National Congress
75%
Lech Walesa Solidarity
67%
Kim Jong-il Worker's Pary of Korea
67%
Indira Gandhi Indian National Congress
50%
Robespierre Jacobin
50%
Chiang Kai-shek Kuomintang
50%
Angela Merkel Christian Democratic Union
42%
Vladimir Putin United Russia
42%
Hugo Chávez United Socialist party of Venezuela
42%
Silvio Berlusconi Forza Italia
33%
Benazir Bhutto Pakistan People's Party
33%
Junichiro Koizumi Liberal Democratic Party
25%
Néstor Kirchner Justicialist Party
17%
No matching quizzes found
Score Distribution
Percent of People with Each Score
Percentile by Number Answered
Your Score History
You have not taken this quiz